| 000 | 01054 a2200169 4500 | ||
|---|---|---|---|
| 003 | Nust | ||
| 005 | 20230221091830.0 | ||
| 040 | _cNust | ||
| 082 | _a297.63, BAD | ||
| 100 |
_aAzimabadi,badr _9109278 |
||
| 245 |
_aProphet way of Treatment _cBadr Azimabadi |
||
| 260 |
_aKarachi _bDarul Ishaat |
||
| 300 | _a407:p | ||
| 505 | _aFood (Page-27), Drink (Page-41), Exercise (Page-59), Sleeping (Page-61), Sexual Intercourse (Page-63), Suitable Time and Principles (Page-73), Free Sex (Page-89), Sexual Perversion (Page-103), Abuse of Masturbation (Page-107), Institution of Marriage in Islam (Page-109), Contraception (Page-125), Abortion (Page-131), Blood Letting and Cupping (Page-133), Habit Second Nature (Page-143) Principles of Treatment (Page-145), Diseases and Treatment (Page-149), Doing Without Food (Page-153), Dosage and Remedies (Page-373), The Constitution of Man (Page-377), The State of the Body (Page-383), The Cause of Disease (Page-387), Physical Exercise (Page-403). | ||
| 650 |
_aProphet way of Treatment _9109279 |
||
| 942 |
_2ddc _cBK |
||
| 999 |
_c185183 _d185183 |
||